Český a slovenský spotrebiteľ: komparatívny výskum

Saved in:
Bibliographic Details
Main Author: Spišiaková, Mária
Other Authors: Štetka, Peter, 1986-
Format: Book Chapter
Language:Slovak
Tags: Add Tag
No Tags, Be the first to tag this record!

MARC

LEADER 00000naa$a2200000$$$4500
001 0210265
005 20240522130929.5
041 0 |a slo 
044 |a SK 
245 1 0 |a Český a slovenský spotrebiteľ: komparatívny výskum  |c Mária Spišiaková, Peter Štetka 
100 1 |a Spišiaková, Mária 
700 1 |a Štetka, Peter, 1986-